Statistics for Premier League Teams 1992-93

Click here to take the quiz!

General Stats

  • This quiz has been taken 405 times
  • The average score is 18 of 22

Answer Stats

PositionTeam% Correct
CManchester United
99%
6Liverpool
98%
10Arsenal
97%
11Chelsea
97%
9Manchester City
96%
13Everton
94%
8Tottenham Hotspur
93%
2Aston Villa
90%
4Blackburn Rovers
89%
17Leeds United
89%
3Norwich City
86%
18Southampton
83%
7Sheffield Wednesday
78%
5Queens Park Rangers
76%
RCrystal Palace
75%
14Sheffield United
75%
16Ipswich Town
74%
RNottingham Forest
73%
RMiddlesbrough
71%
12Wimbledon
67%
15Coventry City
65%
19Oldham Athletic
65%

Score Distribution

Percentile by Number Answered

Percent of People with Each Score

Your Score History

You have not taken this quiz